MARC

LEADER 00000nam0a2200000 4500
001 26895
005 20231030201852.0
010 |a 0435289179 
035 |a (RuTPU)RU\TPU\book\27140 
035 |a BOOK00027215 
090 |a 26895 
100 |a 20011209d1999 m y0engy50 ba 
101 0 |a eng 
102 |a GB 
105 |a y j 000zy 
200 1 |a Business Builder  |e Intermediate Teacher's Resource Series. Modules 4, 5, 6  |f P. Emmerson 
210 |a Oxford  |c Macmillan  |d 1999 
210 |c Heinemann 
215 |a 6.8 p. 
225 1 |a Photocopiable 
610 1 |a английский язык 
610 1 |a учебные пособия 
610 1 |a разговорная речь 
610 1 |a деловое общение 
610 1 |a лексика 
610 1 |a переписка 
610 1 |a корреспонденция 
610 1 |a устная речь 
610 1 |a общение 
610 1 |a экономика 
610 1 |a бизнес 
610 1 |a преподавание 
610 1 |a методика 
686 |a Ш143.21-923  |v LBC/SL-A  |2 rubbk 
686 |a Ш143.21-923.4  |v LBC/SL-A  |2 rubbk 
700 1 |a Emmerson  |b P.  |g Paul 
801 0 |a GB  |b 63413507  |c 20011209  |g PSBO 
801 2 |a RU  |b 63413507  |c 20200618  |g PSBO 
942 |c BK